000 00478nam a2200217 454500
001 080996
003 BD-ChCU
008 Eng
020 _ax
040 _aDLC
_cDLC
_dBD-ChCU
082 0 0 _a537/MIP
100 1 _aMillman,Jacob
_bTaub,Herbert.
245 1 0 _aPulse & digital circuits
_bx
250 _ax
260 _aN.Y.
_bMcGraw-Hill,
_c1956
300 _axvi,687p.
504 _a
650 0 _aElectricity,
_bElectricity,
700 1 _ax
942 _2ddc
_cBK
999 _c80996
_d80996